Využitie prírodných polymérov ako plnív v gumárenských zmesiach dizertačná práca
Saved in:
| Main Author: | |
|---|---|
| Format: | Book |
| Language: | Slovak |
| Published: |
Bratislava
STU FCHPT v Bratislave
2006
|
| Subjects: | |
| Online Access: | View in OPAC |
| Tags: |
No Tags, Be the first to tag this record!
|
MARC
| LEADER | 00000nam a2200000 a 4500 | ||
|---|---|---|---|
| 005 | 20260127134215.0 | ||
| 008 | 070227 2006 xo 000 0 slo d | ||
| 035 | |a vtls008949626 | ||
| 039 | 9 | |a 201601291027 |b mschk03 |c 201601291026 |d mschk03 |c 200702271418 |d mschk03 |c 200702271408 |d mschk03 |y 200702271029 |z mschk03 | |
| 040 | |a STUSCHK1 |b slo |c STUSCHK1 |e AACR2 | ||
| 100 | 1 | |a Kramárová, Zuzana | |
| 245 | 1 | |a Využitie prírodných polymérov ako plnív v gumárenských zmesiach |b dizertačná práca |c Zuzana Kramárová | |
| 260 | |a Bratislava |b STU FCHPT v Bratislave |c 2006 | ||
| 300 | |a 128 s. : il. | ||
| 500 | |a FCHPT Ústav polymérnych materiálov: odd. plastov a kaučuku | ||
| 500 | |a Obháj.: 25.9. 2006 | ||
| 650 | 0 | |a spracovanie kaučuku | |
| 650 | 0 | |a duálne plnivá | |
| 650 | 0 | |a vývoj receptúr gumárenskzch výrobkov | |
| 910 | |a SCHK95 | ||
| 999 | |c 6671 |d 6671 | ||